[Event "NAYCC U10 w"]
[Site "Toronto CAN"]
[Date "2013.08.16"]
[Round "4"]
[White "Zhao, Chenyi"]
[Black "Vittal, Sanjana"]
[Result "0-1"]
[WhiteElo "1539"]
[BlackElo "1511"]
[PlyCount "94"]
[GameId "2160767909267194"]
[EventDate "2013.08.14"]
[EventType "swiss"]
[EventRounds "9"]
[EventCountry "CAN"]
[SourceTitle "hb 2013"]

1. e4 e5 2. Nf3 Nc6 3. Bc4 Bc5 4. c3 Nf6 5. d4 exd4 6. cxd4 Bb4+ 7. Nc3 Nxe4 8. O-O Bxc3 9. bxc3 O-O 10. Re1 d5 11. Bd3 Nxc3 12. Qc2 Ne4 13. Bxe4 dxe4 14. Qxe4 Bd7 15. Bb2 Re8 16. Qd3 Nb4 17. Qb3 a5 18. d5 b6 19. a3 Na6 20. Qc3 f6 21. Ng5 Nc5 22. Rad1 Na4 23. Qc2 fxg5 24. Be5 Nc5 25. Qc3 Re7 26. d6 cxd6 27. Bxd6 Rxe1+ 28. Rxe1 Rc8 29. Qg3 Ne4 30. Qe5 Nxd6 31. Qxd6 Bc6 32. Qe6+ Kh8 33. Qe3 Qd5 34. Qg3 h6 35. h3 Qxg2+ 36. Qxg2 Bxg2 37. Kxg2 b5 38. Re5 Rb8 39. Kf3 b4 40. axb4 axb4 41. Re2 Kg8 42. Kg4 Kf7 43. f4 b3 44. Rb2 Rb4 45. Kf3 gxf4 46. Kg4 Ke6 47. Kf3 Kd5 0-1

[Event "NAYCC U10 w"]
[Site "Toronto CAN"]
[Date "2013.08.16"]
[Round "5"]
[White "Bhanji, Zaynah"]
[Black "Male-Pathiranage, Thisandi"]
[Result "1-0"]
[WhiteElo "200"]
[BlackElo "924"]
[PlyCount "181"]
[GameId "2160767909267195"]
[EventDate "2013.08.14"]
[EventType "swiss"]
[EventRounds "9"]
[EventCountry "CAN"]
[SourceTitle "EXT 2022"]
[Source "ChessBase"]
[SourceDate "2021.10.06"]
[SourceVersion "1"]
[SourceVersionDate "2021.10.06"]
[SourceQuality "1"]

1. e4 e5 2. Nf3 Nc6 3. Bc4 Nf6 4. d3 Bc5 5. Bg5 O-O 6. O-O d6 7. Nc3 Bg4 8. h3 Qd7 9. Bxf6 Bxh3 10. gxh3 Qxh3 11. Ng5 Bxf2+ 12. Rxf2 Qg3+ 13. Rg2 Qe3+ 14. Kh1 Qf4 15. Nd5 Qh4+ 16. Rh2 Qg3 17. Qf3 Qxf3+ 18. Nxf3 Rae8 19. Rg2 g6 20. Nxc7 Rc8 21. Nb5 Nb4 22. Bb3 a6 23. Rag1 axb5 24. Rxg6+ hxg6 25. Rxg6+ Kh7 26. Rg7+ Kh8 27. Rg6+ Kh7 28. Rg3 d5 29. Ng5+ Kg8 30. exd5 Nxc2 31. d6 Na1 32. Bd5 Rc1+ 33. Kh2 Rc2+ 34. Kh3 b4 35. Rg4 Rd2 36. Rh4 Rxd3+ 37. Kg4 Rd4+ 38. Kf5 Rxh4 39. d7 Nc2 40. Kxe5 b3 41. axb3 Rg4 42. Bxb7 Nb4 43. Be7 Nd3+ 44. Kd6 Rd4+ 45. Kc7 Ne5 46. Bc8 Rd2 47. Bxf8 Rc2+ 48. Kb8 Rxb2 49. d8=Q Nc6+ 50. Kc7 Nxd8 51. Kxd8 Rf2 52. Ne4 Rf1 53. Nd6 Kxf8 54. b4 Rb1 55. b5 f6 56. Kc7 Rc1+ 57. Kb7 Re1 58. Nf5 Rb1 59. Ka6 Ra1+ 60. Kb6 Rc1 61. Bd7 Rd1 62. Kc6 Rc1+ 63. Kd6 Rd1+ 64. Kc7 Rc1+ 65. Kd8 Rd1 66. b6 Ra1 67. Bc8 Rb1 68. b7 Rd1+ 69. Bd7 Rb1 70. Kc8 Rc1+ 71. Kd8 Rb1 72. Kc7 Rc1+ 73. Bc6 Rh1 74. b8=Q+ Kf7 75. Bxh1 Ke6 76. Ne3 f5 77. Nxf5 Kxf5 78. Qb5+ Kf4 79. Bf3 Kxf3 80. Qb4 Ke3 81. Qc4 Kf3 82. Kd6 Ke3 83. Kd5 Kf3 84. Qe4+ Kf2 85. Kd4 Kf1 86. Kd3 Kf2 87. Qe2+ Kg3 88. Qe3+ Kg4 89. Ke4 Kh4 90. Kf5 Kh5 91. Qg5# 1-0

[Event "NAYCC U10 w"]
[Site "Toronto CAN"]
[Date "2013.08.16"]
[Round "5"]
[White "Chertkow, Sasha"]
[Black "Kao, Simona"]
[Result "1-0"]
[WhiteElo "956"]
[BlackElo "1085"]
[PlyCount "153"]
[GameId "2160767909267196"]
[EventDate "2013.08.14"]
[EventType "swiss"]
[EventRounds "9"]
[EventCountry "CAN"]
[SourceTitle "EXT 2022"]
[Source "ChessBase"]
[SourceDate "2021.10.06"]
[SourceVersion "1"]
[SourceVersionDate "2021.10.06"]
[SourceQuality "1"]

1. e4 e5 2. Nf3 Nc6 3. Nc3 Nf6 4. d4 exd4 5. Nxd4 Nxd4 6. Qxd4 d6 7. Bg5 Be7 8. Nd5 c5 9. Nxf6+ Bxf6 10. Bxf6 cxd4 11. Bxd8 Kxd8 12. O-O-O Ke7 13. Rxd4 Re8 14. Bb5 Rd8 15. f4 Bg4 16. h3 Bd7 17. Bc4 Kf8 18. Rxd6 Ba4 19. Rxd8+ Rxd8 20. b3 Bc6 21. Re1 b5 22. Bd3 a5 23. g3 b4 24. e5 a4 25. Be4 Be8 26. h4 axb3 27. axb3 Rc8 28. g4 Rc3 29. h5 Rh3 30. Bf5 g6 31. hxg6 hxg6 32. Bc8 Rc3 33. Ba6 Rc6 34. Bb5 Rc8 35. Bc4 Ra8 36. Kb2 Bd7 37. g5 Bf5 38. Bd3 Bc8 39. Bc4 Bb7 40. e6 fxe6 41. Rxe6 Kg7 42. Rb6 Kf8 43. Rxb7 Re8 44. Rxb4 Re4 45. Rb8+ Ke7 46. Rb7+ Kd8 47. Rf7 Ke8 48. Ka3 Rd4 49. f5 gxf5 50. Rxf5 Rg4 51. b4 Kd7 52. Bb5+ Ke6 53. Rc5 Kd6 54. c4 Rg3+ 55. Ka4 Rg1 56. Ka5 Ra1+ 57. Ba4 Ke6 58. Rc6+ Kf5 59. g6 Rg1 60. c5 Ke5 61. Bc2 Kd5 62. b5 Rg5 63. Rc7 Ke6 64. g7 Kf6 65. Bb3 Rxg7 66. Rxg7 Kxg7 67. b6 Kf6 68. b7 Ke5 69. b8=Q+ Ke4 70. Qd8 Ke5 71. c6 Ke4 72. c7 Ke5 73. c8=Q Ke4 74. Qe6+ Kf4 75. Qdf6+ Kg3 76. Qg8+ Kh3 77. Qh6# 1-0

[Event "NAYCC U10 w"]
[Site "Toronto CAN"]
[Date "2013.08.16"]
[Round "5"]
[White "Garai, Antara"]
[Black "Samadashvili, Martha"]
[Result "1/2-1/2"]
[WhiteElo "1523"]
[BlackElo "1651"]
[PlyCount "103"]
[GameId "2160767909267197"]
[EventDate "2013.08.14"]
[EventType "swiss"]
[EventRounds "9"]
[EventCountry "CAN"]
[SourceTitle "EXT 2022"]
[Source "ChessBase"]
[SourceDate "2021.10.06"]
[SourceVersion "1"]
[SourceVersionDate "2021.10.06"]
[SourceQuality "1"]

1. e4 c5 2. c3 d5 3. exd5 Qxd5 4. d4 Nf6 5. Nf3 e6 6. Be2 Nc6 7. O-O cxd4 8. cxd4 Be7 9. Nc3 Qd8 10. Be3 O-O 11. Rc1 b6 12. Ne5 Nxe5 13. dxe5 Nd5 14. Nxd5 exd5 15. f4 Bb7 16. Qd2 Qd7 17. Rfd1 Rfd8 18. Qe1 Rac8 19. Qd2 Rxc1 20. Qxc1 Rc8 21. Qb1 Bc5 22. Bd4 Qa4 23. Bxc5 bxc5 24. f5 Qf4 25. f6 Qe3+ 26. Kf1 gxf6 27. exf6 Qf4+ 28. Kg1 Qxf6 29. Rd3 Kh8 30. Rh3 h6 31. Qc1 Rc6 32. Bb5 Re6 33. Rf3 Qe7 34. Qf4 d4 35. Qb8+ Kg7 36. Rg3+ Rg6 37. Rxg6+ fxg6 38. Qxa7 Qe4 39. Bf1 c4 40. Qc5 d3 41. Qc7+ Kf6 42. Qd8+ Ke5 43. Qe7+ Kd4 44. Qf6+ Kc5 45. Qf8+ Kd4 46. Qf6+ Kd5 47. Qd8+ Kc5 48. Qa5+ Kd6 49. Qb6+ Ke5 50. Qc5+ Qd5 51. Qe7+ Kf5 52. Qf8+ 1/2-1/2

[Event "NAYCC U10 w"]
[Site "Toronto CAN"]
[Date "2013.08.16"]
[Round "5"]
[White "Kathirkamar, Janani"]
[Black "Zhao, Chenyi"]
[Result "0-1"]
[WhiteElo "973"]
[BlackElo "1539"]
[PlyCount "120"]
[GameId "2160767909267198"]
[EventDate "2013.08.14"]
[EventType "swiss"]
[EventRounds "9"]
[EventCountry "CAN"]
[SourceTitle "EXT 2022"]
[Source "ChessBase"]
[SourceDate "2021.10.06"]
[SourceVersion "1"]
[SourceVersionDate "2021.10.06"]
[SourceQuality "1"]

1. e4 c5 2. Ne2 d6 3. g3 Nf6 4. Bg2 e6 5. d3 Be7 6. h3 Nc6 7. c3 d5 8. exd5 exd5 9. O-O O-O 10. Nd2 Bf5 11. Nf3 Qd7 12. Nh2 Bxh3 13. Bxh3 Qxh3 14. Nf4 Qd7 15. a3 d4 16. Bd2 Rad8 17. Qf3 Ne5 18. Qe2 Nc6 19. Qf3 Bd6 20. Qg2 Bxf4 21. Bxf4 dxc3 22. bxc3 Qxd3 23. Rac1 Qd5 24. Qxd5 Rxd5 25. Nf3 Ne4 26. c4 Rd3 27. Rce1 Rxf3 28. Rxe4 Rxa3 29. Rfe1 Nd4 30. Kg2 Ne6 31. Bd6 Rc8 32. f4 h6 33. f5 Ra2+ 34. Kf1 Ng5 35. Re8+ Rxe8 36. Rxe8+ Kh7 37. Bxc5 b6 38. Be3 Ra5 39. Bxg5 hxg5 40. g4 Rc5 41. Re7 Rxc4 42. Rxa7 f6 43. Rb7 Rxg4 44. Rxb6 Rf4+ 45. Kg2 Rxf5 46. Rb4 Rf4 47. Rxf4 gxf4 48. Kf3 g5 49. Kg4 f5+ 50. Kxf5 f3 51. Kxg5 f2 52. Kg4 f1=Q 53. Kg3 Kg6 54. Kh2 Kg5 55. Kg3 Kf5 56. Kh2 Qf3 57. Kg1 Qe2 58. Kh1 Kg4 59. Kg1 Kg3 60. Kh1 Qf1# 0-1

[Event "NAYCC U10 w"]
[Site "Toronto CAN"]
[Date "2013.08.16"]
[Round "5"]
[White "Qiao, Cindy"]
[Black "Rajsic, Charlotte"]
[Result "1-0"]
[WhiteElo "1110"]
[BlackElo "761"]
[PlyCount "97"]
[GameId "2160767909267199"]
[EventDate "2013.08.14"]
[EventType "swiss"]
[EventRounds "9"]
[EventCountry "CAN"]
[SourceTitle "EXT 2022"]
[Source "ChessBase"]
[SourceDate "2021.10.06"]
[SourceVersion "1"]
[SourceVersionDate "2021.10.06"]
[SourceQuality "1"]

1. e4 Nc6 2. Nf3 d6 3. h3 Nf6 4. Nc3 e5 5. Bc4 g6 6. O-O Bg7 7. d3 O-O 8. Bg5 h6 9. Bh4 a6 10. Re1 Bd7 11. a3 b5 12. Bd5 Qe7 13. Ba2 Rab8 14. Nd5 Qd8 15. c3 Qc8 16. Nxf6+ Kh8 17. Nxd7 Qxd7 18. d4 f5 19. d5 Ne7 20. Qd3 f4 21. b4 Rbc8 22. c4 c5 23. cxb5 axb5 24. Rab1 c4 25. Qd2 Rc7 26. Qc2 g5 27. Nxg5 hxg5 28. Bxg5 Rfc8 29. Bxe7 Qxe7 30. a4 Qd7 31. a5 Ra8 32. Re2 Qc8 33. Qc3 Kg8 34. Qf3 c3 35. Qd3 c2 36. Rc1 Kh7 37. Rcxc2 Qb7 38. Rxc7 Qxc7 39. Qxb5 Qc1+ 40. Kh2 Qd1 41. Bc4 Bh6 42. Qb7+ Kg6 43. Qxa8 f3 44. Qg8+ Kf6 45. Qe6+ Kg7 46. Qg4+ Kh7 47. Qxf3 Bf4+ 48. g3 Bg5 49. Qh5+ 1-0

[Event "NAYCC U10 w"]
[Site "Toronto CAN"]
[Date "2013.08.16"]
[Round "5"]
[White "Tsypin, Allison"]
[Black "Chen, Carol"]
[Result "1/2-1/2"]
[WhiteElo "1139"]
[BlackElo "1118"]
[PlyCount "72"]
[GameId "2160767909267200"]
[EventDate "2013.08.14"]
[EventType "swiss"]
[EventRounds "9"]
[EventCountry "CAN"]
[SourceTitle "EXT 2022"]
[Source "ChessBase"]
[SourceDate "2021.10.06"]
[SourceVersion "1"]
[SourceVersionDate "2021.10.06"]
[SourceQuality "1"]

1. d4 Nf6 2. c4 g6 3. Nc3 Bg7 4. e4 d6 5. Nf3 O-O 6. Be2 Nc6 7. O-O e5 8. Bg5 h6 9. Bh4 g5 10. Bg3 Nd7 11. d5 Ne7 12. h3 f5 13. exf5 Nxf5 14. Ne4 Nf6 15. Nfd2 Bd7 16. Bf3 Be8 17. Nxf6+ Qxf6 18. Ne4 Qg6 19. b3 h5 20. Rc1 Bh6 21. Rb1 Nd4 22. Nd2 g4 23. hxg4 hxg4 24. Be2 Kg7 25. Rb2 Bd7 26. Nb1 Rh8 27. Nc3 Qh5 28. f4 Bxf4 29. Bxf4 exf4 30. Qxd4+ Kg8 31. Rxf4 Qh1+ 32. Kf2 Qh4+ 33. Kg1 Qe1+ 34. Rf1 Qh4 35. Rf4 Qh1+ 36. Kf2 Qh4+ 1/2-1/2

[Event "NAYCC U10 w"]
[Site "Toronto CAN"]
[Date "2013.08.16"]
[Round "5"]
[White "Vittal, Sanjana"]
[Black "Zhang, Taylor"]
[Result "1-0"]
[WhiteElo "1511"]
[BlackElo "1387"]
[PlyCount "111"]
[GameId "2160767909267201"]
[EventDate "2013.08.14"]
[EventType "swiss"]
[EventRounds "9"]
[EventCountry "CAN"]
[SourceTitle "EXT 2022"]
[Source "ChessBase"]
[SourceDate "2021.10.06"]
[SourceVersion "1"]
[SourceVersionDate "2021.10.06"]
[SourceQuality "1"]

1. e4 e6 2. d4 d5 3. Nc3 Bb4 4. e5 c5 5. a3 Ba5 6. f4 cxd4 7. Qxd4 Nc6 8. Bb5 Bd7 9. Bxc6 Bxc6 10. Nf3 Ne7 11. b4 Bb6 12. Qd3 Nf5 13. Nb5 d4 14. Bb2 O-O 15. O-O Nh4 16. Nxh4 Qxh4 17. Nd6 Qg4 18. Rf2 f6 19. Raf1 fxe5 20. fxe5 Rxf2 21. Rxf2 h6 22. h3 Qh4 23. Rf7 Qe1+ 24. Rf1 Qxe5 25. Nc4 Qd5 26. Rf2 Bb5 27. Nxb6 axb6 28. Qxd4 Qxd4 29. Bxd4 Rxa3 30. Bxb6 Rc3 31. Bd4 Rc4 32. c3 Rc7 33. Ra2 Rf7 34. Ra5 Rf1+ 35. Kh2 Bc6 36. b5 Bd5 37. b6 Rc1 38. g4 Rc2+ 39. Kg3 Rg2+ 40. Kf4 Rh2 41. Kg3 Rg2+ 42. Kf4 Rh2 43. Ra8+ Kf7 44. Rc8 g5+ 45. Ke5 Rxh3 46. Rc7+ Ke8 47. c4 Bc6 48. Kxe6 Kf8 49. Rc8+ Be8 50. Bc5+ Kg7 51. Rxe8 Rh2 52. Bd4+ Kh7 53. Kf7 Rf2+ 54. Bxf2 h5 55. Bd4 hxg4 56. Rh8# 1-0

[Event "NAYCC U10 w"]
[Site "Toronto CAN"]
[Date "2013.08.16"]
[Round "5"]
[White "Zhang, Jeannie"]
[Black "Salazar Gould, Melannie"]
[Result "1-0"]
[WhiteElo "1468"]
[BlackElo "1600"]
[PlyCount "59"]
[GameId "2160767909267202"]
[EventDate "2013.08.14"]
[EventType "swiss"]
[EventRounds "9"]
[EventCountry "CAN"]
[SourceTitle "EXT 2022"]
[Source "ChessBase"]
[SourceDate "2021.10.06"]
[SourceVersion "1"]
[SourceVersionDate "2021.10.06"]
[SourceQuality "1"]

1. e4 e6 2. d4 d5 3. Nc3 dxe4 4. Nxe4 Nd7 5. Nf3 Ngf6 6. Bd3 Nxe4 7. Bxe4 Nf6 8. Bd3 Bd6 9. c3 O-O 10. O-O b6 11. Re1 Bb7 12. h3 Re8 13. Bg5 a6 14. a4 Qe7 15. Ne5 h6 16. Bh4 Qd8 17. Bc2 Bxe5 18. Rxe5 c5 19. Rc1 g5 20. Bg3 cxd4 21. cxd4 Qd7 22. a5 Red8 23. Re1 Qd5 24. f3 Qxa5 25. Bb1 Nh5 26. Bf2 Nf4 27. Rc7 Bd5 28. Qc2 Qb5 29. Qh7+ Kf8 30. Qxf7# 1-0

[Event "NAYCC U10 w"]
[Site "Toronto CAN"]
[Date "2013.08.17"]
[Round "6"]
[White "Bhanji, Zaynah"]
[Black "Chertkow, Sasha"]
[Result "0-1"]
[WhiteElo "200"]
[BlackElo "956"]
[PlyCount "102"]
[GameId "2160767909267203"]
[EventDate "2013.08.14"]
[EventType "swiss"]
[EventRounds "9"]
[EventCountry "CAN"]
[SourceTitle "EXT 2022"]
[Source "ChessBase"]
[SourceDate "2021.10.06"]
[SourceVersion "1"]
[SourceVersionDate "2021.10.06"]
[SourceQuality "1"]

1. e4 e5 2. Nf3 Nc6 3. Bc4 Nf6 4. d3 Bc5 5. Nxe5 Nxe5 6. d4 Nxc4 7. dxc5 O-O 8. Nc3 Re8 9. O-O Nxe4 10. Nxe4 Rxe4 11. Re1 Rxe1+ 12. Qxe1 h6 13. h3 d6 14. cxd6 cxd6 15. b3 Nb6 16. Bb2 Bf5 17. Qc3 Qf6 18. Qxf6 gxf6 19. Bxf6 Bxc2 20. Rc1 Be4 21. Re1 Bc6 22. Re7 Re8 23. Rxe8+ Bxe8 24. a4 Nd5 25. Bd4 a6 26. f3 Nf4 27. b4 Ne2+ 28. Kf2 Nxd4 29. g4 f5 30. gxf5 Nxf5 31. b5 axb5 32. axb5 Bxb5 33. f4 d5 34. Ke1 d4 35. Kd1 b6 36. Kd2 Ba6 37. Kd1 b5 38. Kc1 d3 39. Kd1 b4 40. Kc1 b3 41. Kd1 Ne3+ 42. Kd2 b2 43. Kxe3 b1=Q 44. f5 Qe1+ 45. Kf4 d2 46. f6 Qf2+ 47. Ke5 Qxf6+ 48. Kxf6 d1=Q 49. Kg6 Bd3+ 50. Kxh6 Qg1 51. h4 Qg6# 0-1

[Event "NAYCC U10 w"]
[Site "Toronto CAN"]
[Date "2013.08.17"]
[Round "6"]
[White "Chen, Carol"]
[Black "Vittal, Sanjana"]
[Result "0-1"]
[WhiteElo "1118"]
[BlackElo "1511"]
[PlyCount "66"]
[GameId "2160767909267204"]
[EventDate "2013.08.14"]
[EventType "swiss"]
[EventRounds "9"]
[EventCountry "CAN"]
[SourceTitle "EXT 2022"]
[Source "ChessBase"]
[SourceDate "2021.10.06"]
[SourceVersion "1"]
[SourceVersionDate "2021.10.06"]
[SourceQuality "1"]

1. e4 e5 2. Nf3 Nc6 3. Bb5 a6 4. Bxc6 dxc6 5. O-O Bd6 6. d4 Qe7 7. Re1 Bg4 8. c3 O-O-O 9. h3 Bh5 10. a3 h6 11. Qd3 g5 12. Nfd2 g4 13. b4 Nf6 14. Nc4 gxh3 15. Qxh3+ Bg4 16. Qd3 h5 17. Na5 h4 18. Nd2 h3 19. g3 Bd7 20. Ndb3 Ng4 21. Qe2 Qf6 22. Rf1 Qg6 23. a4 Nf6 24. Re1 h2+ 25. Kh1 Bg4 26. f3 Nxe4 27. Qg2 Bxf3 28. Qxf3 Nxg3+ 29. Kg2 Ne4+ 30. Kh1 Ng3+ 31. Kg2 Ne2+ 32. Kh1 Qg1+ 33. Rxg1 hxg1=Q# 0-1

[Event "NAYCC U10 w"]
[Site "Toronto CAN"]
[Date "2013.08.17"]
[Round "6"]
[White "Henry, Nadia"]
[Black "Qiao, Cindy"]
[Result "0-1"]
[WhiteElo "1009"]
[BlackElo "1110"]
[PlyCount "122"]
[GameId "2160767909267205"]
[EventDate "2013.08.14"]
[EventType "swiss"]
[EventRounds "9"]
[EventCountry "CAN"]
[SourceTitle "EXT 2022"]
[Source "ChessBase"]
[SourceDate "2021.10.06"]
[SourceVersion "1"]
[SourceVersionDate "2021.10.06"]
[SourceQuality "1"]

1. e4 e5 2. Nf3 Nc6 3. Bb5 Nf6 4. d3 d6 5. O-O Be7 6. Be3 O-O 7. Nc3 Bg4 8. h3 Bh5 9. Qe2 a6 10. Ba4 d5 11. Rad1 d4 12. g4 Bg6 13. Bxc6 bxc6 14. Nxe5 dxc3 15. Nxc6 Qd6 16. Nxe7+ Qxe7 17. bxc3 Rab8 18. f4 h6 19. Qf2 Qd7 20. Rb1 Rfe8 21. d4 Nxe4 22. Qe1 Qc6 23. Bd2 Rxb1 24. Qxb1 Nxd2 25. Qd1 Nxf1 26. Qxf1 Bxc2 27. f5 Qxc3 28. Qf2 Re1+ 29. Kg2 Qc6+ 30. Kh2 Qh1+ 31. Kg3 Rg1+ 32. Kh4 g5+ 33. fxg6 fxg6 34. Qxc2 g5+ 35. Kh5 Qxh3+ 36. Kg6 Rf1 37. Qe4 Qf3 38. Qe8+ Qf8 39. Qc6 Qd6+ 40. Qxd6 cxd6 41. Kxh6 Rd1 42. Kxg5 Rxd4 43. Kf5 Rd2 44. g5 Rxa2 45. g6 Kg7 46. Kg5 Rg2+ 47. Kf5 Rxg6 48. Ke4 Kf6 49. Kd5 Kf5 50. Kc4 Ke4 51. Kb4 d5 52. Kc3 a5 53. Kb3 Ra6 54. Ka4 d4 55. Kb3 a4+ 56. Kc2 a3 57. Kb1 a2+ 58. Ka1 d3 59. Kb2 a1=Q+ 60. Kb3 Rb6+ 61. Kc4 Qd4# 0-1

[Event "NAYCC U10 w"]
[Site "Toronto CAN"]
[Date "2013.08.17"]
[Round "6"]
[White "Kao, Simona"]
[Black "Male-Pathiranage, Thisandi"]
[Result "1/2-1/2"]
[WhiteElo "1085"]
[BlackElo "924"]
[PlyCount "50"]
[GameId "2160767909267206"]
[EventDate "2013.08.14"]
[EventType "swiss"]
[EventRounds "9"]
[EventCountry "CAN"]
[SourceTitle "EXT 2022"]
[Source "ChessBase"]
[SourceDate "2021.10.06"]
[SourceVersion "1"]
[SourceVersionDate "2021.10.06"]
[SourceQuality "1"]

1. e4 e5 2. Nf3 Nc6 3. Bc4 Nf6 4. d3 Bc5 5. Nc3 O-O 6. Bg5 d6 7. Nd5 Bb4+ 8. c3 Bc5 9. Nxf6+ Kh8 10. Nxh7 Qd7 11. Nxf8 Qg4 12. O-O Qh5 13. d4 Bh3 14. gxh3 Rxf8 15. dxc5 Qxh3 16. cxd6 Qg4+ 17. Kh1 Qxe4 18. Bd5 Qf5 19. dxc7 Qh3 20. Bxc6 bxc6 21. Qd8 Qxf3+ 22. Kg1 Qg4+ 23. Kh1 Qf3+ 24. Kg1 Qg4+ 25. Kh1 Qf3+ 1/2-1/2

[Event "NAYCC U10 w"]
[Site "Toronto CAN"]
[Date "2013.08.17"]
[Round "6"]
[White "Salazar Gould, Melannie"]
[Black "Rajsic, Charlotte"]
[Result "1-0"]
[WhiteElo "1600"]
[BlackElo "761"]
[PlyCount "45"]
[GameId "2160767909267207"]
[EventDate "2013.08.14"]
[EventType "swiss"]
[EventRounds "9"]
[EventCountry "CAN"]
[SourceTitle "EXT 2022"]
[Source "ChessBase"]
[SourceDate "2021.10.06"]
[SourceVersion "1"]
[SourceVersionDate "2021.10.06"]
[SourceQuality "1"]

1. e4 c5 2. Nf3 Nc6 3. d4 b6 4. Bc4 d6 5. c3 Bg4 6. Bd5 Qc7 7. Qa4 Bd7 8. Ng5 e6 9. Bc4 Ne5 10. Bb5 Nd3+ 11. Ke2 Nxc1+ 12. Rxc1 a6 13. Bxd7+ Qxd7 14. Qxd7+ Kxd7 15. Nxf7 Nf6 16. Nxh8 Ke7 17. Nd2 g6 18. e5 Ng4 19. exd6+ Kxd6 20. Nf7+ Ke7 21. h3 Kxf7 22. hxg4 cxd4 23. cxd4 1-0

[Event "NAYCC U10 w"]
[Site "Toronto CAN"]
[Date "2013.08.17"]
[Round "6"]
[White "Samadashvili, Martha"]
[Black "Zhang, Jeannie"]
[Result "1-0"]
[WhiteElo "1651"]
[BlackElo "1468"]
[PlyCount "121"]
[GameId "2160767909267208"]
[EventDate "2013.08.14"]
[EventType "swiss"]
[EventRounds "9"]
[EventCountry "CAN"]
[SourceTitle "EXT 2022"]
[Source "ChessBase"]
[SourceDate "2021.10.06"]
[SourceVersion "1"]
[SourceVersionDate "2021.10.06"]
[SourceQuality "1"]

1. e4 c5 2. Nf3 Nc6 3. d4 cxd4 4. Nxd4 Qb6 5. c3 Nf6 6. f3 e6 7. Nxc6 bxc6 8. e5 Nd5 9. Qb3 Qc7 10. f4 Bc5 11. c4 Ne7 12. Qc3 Qb6 13. Qc2 Nf5 14. Nc3 Qd8 15. g3 a5 16. Bg2 O-O 17. Ne4 Ba7 18. c5 Ba6 19. Qc3 Rb8 20. g4 Ne7 21. Nd6 Nc8 22. Nxc8 Rxc8 23. h4 Rb8 24. g5 Qc7 25. h5 Qb7 26. Qxa5 Qb5 27. Qxb5 Bxb5 28. b4 Bc4 29. Bd2 f6 30. exf6 gxf6 31. g6 hxg6 32. hxg6 Kg7 33. Rh7+ Kxg6 34. Rxd7 Bd5 35. Bxd5 exd5 36. Rd6 Rh8 37. Bc3 Rbe8+ 38. Kf2 Rh2+ 39. Kg3 Rhe2 40. Rxf6+ Kh7 41. Rh1+ Kg8 42. Rg6+ Kf7 43. Rg7+ Ke6 44. Rh6+ Kf5 45. Rg5+ Ke4 46. Re5+ Rxe5 47. Bxe5 d4 48. Rxc6 d3 49. Bc3 Kd5 50. Rd6+ Kc4 51. c6 Kxc3 52. c7 Re8 53. Rc6+ Kd2 54. c8=Q Rxc8 55. Rxc8 Ke2 56. Rd8 Kd2 57. f5 Kc2 58. Rxd3 Kxd3 59. f6 Ke4 60. f7 Ke5 61. f8=Q 1-0

[Event "NAYCC U10 w"]
[Site "Toronto CAN"]
[Date "2013.08.17"]
[Round "6"]
[White "Zhang, Taylor"]
[Black "Tsypin, Allison"]
[Result "1-0"]
[WhiteElo "1367"]
[BlackElo "1139"]
[PlyCount "53"]
[GameId "2160767909267209"]
[EventDate "2013.08.14"]
[EventType "swiss"]
[EventRounds "9"]
[EventCountry "CAN"]
[SourceTitle "EXT 2022"]
[Source "ChessBase"]
[SourceDate "2021.10.06"]
[SourceVersion "1"]
[SourceVersionDate "2021.10.06"]
[SourceQuality "1"]

1. e4 c5 2. Nf3 d6 3. d4 cxd4 4. Nxd4 Nf6 5. Nc3 g6 6. Be2 Bg7 7. Be3 O-O 8. O-O Nc6 9. Nb3 Bd7 10. f4 a6 11. a4 Rc8 12. a5 Ne8 13. Bb6 Nc7 14. Nd5 Nxd5 15. Bxd8 Ne3 16. Qd3 Nxf1 17. Bb6 Nb4 18. Qf3 Nxc2 19. Rxf1 Bxb2 20. Bd3 Nb4 21. Qe2 Nxd3 22. Qxd3 Bb5 23. Qd2 Bc3 24. Qf2 Bxf1 25. Qxf1 Bg7 26. f5 Rc3 27. Nd4 1-0

[Event "NAYCC U10 w"]
[Site "Toronto CAN"]
[Date "2013.08.17"]
[Round "6"]
[White "Zhao, Chenyi"]
[Black "Garai, Antara"]
[Result "0-1"]
[WhiteElo "1539"]
[BlackElo "1523"]
[PlyCount "220"]
[GameId "2160767909267210"]
[EventDate "2013.08.14"]
[EventType "swiss"]
[EventRounds "9"]
[EventCountry "CAN"]
[SourceTitle "EXT 2022"]
[Source "ChessBase"]
[SourceDate "2021.10.06"]
[SourceVersion "1"]
[SourceVersionDate "2021.10.06"]
[SourceQuality "1"]

1. e4 c5 2. Nf3 d6 3. d4 cxd4 4. Nxd4 Nf6 5. Nc3 a6 6. Be2 e5 7. Nb3 Be6 8. O-O Be7 9. Bf3 O-O 10. Re1 Nbd7 11. a4 Nb6 12. Nd2 Rc8 13. Nf1 Nc4 14. b3 Nb6 15. Nd5 Nfxd5 16. exd5 Bd7 17. c4 f5 18. Ng3 e4 19. Be2 Bf6 20. Ra2 Bc3 21. Bd2 Be5 22. a5 Na8 23. Qc1 Be8 24. Bf4 Bf6 25. Nxf5 Be7 26. Nxe7+ Qxe7 27. Bg3 Bg6 28. Bg4 Rce8 29. f3 Nc7 30. Rae2 Qf6 31. fxe4 Qd4+ 32. Bf2 Qe5 33. Bf3 Rf7 34. Bg3 Qd4+ 35. Qe3 Qf6 36. Qf2 Rfe7 37. Bh4 Qc3 38. Bxe7 Rxe7 39. Qb6 Ne8 40. Re3 Qe5 41. Qb4 Kf7 42. Qc3 Qxc3 43. Rxc3 Kf6 44. c5 dxc5 45. Rxc5 Nd6 46. Rc3 Ke5 47. Rd3 h6 48. g3 Bh7 49. Kf2 Bg6 50. Ke3 Bh7 51. Kd2 Nb5 52. Kc2 Rc7+ 53. Kb2 Re7 54. b4 Nd6 55. h3 Nb5 56. Bg4 Nd6 57. Be6 Bg6 58. h4 Bf7 59. Bxf7 Rxf7 60. Kb3 g5 61. h5 g4 62. Kc3 Nb5+ 63. Kd2 Nd6 64. Kc3 Rc7+ 65. Kb3 Rf7 66. Ree3 Nb5 67. Kc4 Rc7+ 68. Kb3 Nd6 69. Ka4 Rf7 70. Rc3 Rd7 71. Kb3 Nb5 72. Rc5 Nd6 73. Kc3 Nb5+ 74. Kd3 Nd6 75. Re1 Rf7 76. Re3 Rd7 77. Rc1 Rf7 78. Rd1 Rc7 79. Rf1 Rc8 80. Rf4 Rg8 81. Re2 Rg5 82. Rh2 Ne8 83. Rhf2 Nd6 84. Rh2 Ne8 85. Rh4 Nf6 86. Ke3 Nxh5 87. Rf5+ Rxf5 88. exf5 Nxg3 89. Rxg4 Nxf5+ 90. Kd3 Kxd5 91. Kc3 Kc6 92. Rg6+ Kd5 93. Rb6 Nd6 94. Kd3 h5 95. Ke3 Nc4+ 96. Kf4 Nxb6 97. Kg5 Nc4 98. Kxh5 Nxa5 99. bxa5 Kc5 100. Kg5 Kb5 101. Kf4 Kxa5 102. Ke3 Kb4 103. Kd2 Kb3 104. Kc1 b5 105. Kb1 b4 106. Ka1 Kc2 107. Ka2 b3+ 108. Ka3 b2 109. Ka4 b1=Q 110. Ka5 Qb5# 0-1